Sports Quiz

Random Sports or Numbers Quiz

MLBers With 400+ Homers Quiz Stats

 Plays Quiz not verified by Sporcle

Challenge
Share
Tweet
Embed
Score 0/47 Timer 10:00
0 Plays Today
Number Name % Correct
714Babe Ruth
100%
755Hank Aaron
99.7%
762Barry Bonds
99.3%
630Ken Griffey
99%
660Willie Mays
98.3%
609Sammy Sosa
97.6%
613Alex Rodriguez
97.3%
583Mark McGwire
97.3%
589Jim Thome
95.9%
586Frank Robinson
93.2%
536Mickey Mantle
93.2%
563Reggie Jackson
92.8%
554Manny Ramirez
92.5%
521Ted Williams
92.1%
548Mike Schmidt
91.4%
573Harmon Killebrew
91.1%
436Chipper Jones
88.4%
521Frank Thomas
88%
512Ernie Banks
88%
431Cal Ripken
88%
521Willie McCovey
87.3%
493Lou Gehrig
87.3%
449Jeff Bagwell
86.6%
504Eddie Murray
85.6%
Number Name % Correct
475Stan Musial
85.6%
436Vladimir Guerrero
85.6%
426Billly Williams
85.6%
509Gary Sheffield
84.6%
407Andruw Jones
83.2%
475Willie Stargell
80.8%
438Andre Dawson
80.8%
534Jimmie Foxx
80.5%
511Mel Ott
79.1%
408Albert Pujols
78.8%
569Rafael Palmeiro
78.1%
493Fred McGriff
78.1%
473Carlos Delgado
77.4%
452Carl Yastrzemski
77.4%
427Mike Piazza
77.4%
415Jason Giambi
75.3%
462Jose Canseco
75%
512Eddie Mathews
74.3%
434Juan Gonzalez
71.9%
465Dave Winfield
71.2%
407Duke Snider
63%
442Dave Kingman
50.3%
414Darrell Evans
37.3%

You're not logged in!

Compare scores with friends on all Sporcle quizzes.
OR
Log In

You Might Also Like...

Show Comments

Extras

Top Quizzes Today


Score Distribution

Your Account Isn't Verified!

In order to create a playlist on Sporcle, you need to verify the email address you used during registration. Go to your Sporcle Settings to finish the process.

Report this User

Report this user for behavior that violates our Community Guidelines.

Details: